Mangrove man : (Record no. 14697)
[ view plain ]
| 000 -LEADER | |
|---|---|
| fixed length control field | 01478nam a2200253 a 4500 |
| 001 - CONTROL NUMBER | |
| control field | ASIN0521564352 |
| 005 - DATE AND TIME OF LATEST TRANSACTION | |
| control field | 20170105102902.0 |
| 008 - FIXED-LENGTH DATA ELEMENTS--GENERAL INFORMATION | |
| fixed length control field | 131011s1997 xxu eng d |
| 020 ## - INTERNATIONAL STANDARD BOOK NUMBER | |
| International Standard Book Number | 0521564352 (paperback) |
| Terms of availability | $57.00 |
| 020 ## - INTERNATIONAL STANDARD BOOK NUMBER | |
| International Standard Book Number | 9780521564359 (paperback) |
| 040 ## - CATALOGING SOURCE | |
| Original cataloging agency | 0 |
| 050 04 - LIBRARY OF CONGRESS CALL NUMBER | |
| Classification number | DU740.42 |
| 082 04 - DEWEY DECIMAL CLASSIFICATION NUMBER | |
| Classification number | 306.0899912 |
| 100 1# - MAIN ENTRY--PERSONAL NAME | |
| Personal name | Lipset, David. |
| 245 10 - TITLE STATEMENT | |
| Title | Mangrove man : |
| Remainder of title | dialogics of culture in the sepik estuary / |
| Statement of responsibility, etc. | David Lipset. |
| 260 ## - PUBLICATION, DISTRIBUTION, ETC. | |
| Place of publication, distribution, etc. | [S.l.] : |
| Name of publisher, distributor, etc. | Cambridge University Press, |
| Date of publication, distribution, etc. | 1997. |
| 300 ## - PHYSICAL DESCRIPTION | |
| Extent | 358 p. ; |
| Dimensions | 23 cm. |
| 490 1# - SERIES STATEMENT | |
| Series statement | Cambridge studies in social and cultural anthropology. |
| 520 ## - SUMMARY, ETC. | |
| Summary, etc. | The Murik of Papua New Guinea conceptualize women as the source of nurture, generosity and love. Men have political power, but their claim to sustain and reproduce society requires them to appropriate the nurturant qualities of women. So they must, in some sense, model certain aspects of themselves after women. A "maternal schema" or "poetics" of the female body, which underlines Murik sociocultural patterns, expresses itself in a range of societal domains. These issues tie in with some of the major contemporary debates in the social sciences, including the relationship between ideas of male and female power. |
| 650 #0 - SUBJECT ADDED ENTRY--TOPICAL TERM | |
| Topical term or geographic name entry element | Murik (Papua New Guinean people) |
| 830 #0 - SERIES ADDED ENTRY--UNIFORM TITLE | |
| Uniform title | Cambridge studies in social and cultural anthropology. |
| 856 40 - ELECTRONIC LOCATION AND ACCESS | |
| Materials specified | Amazon.com |
| Uniform Resource Identifier | <a href="http://www.amazon.com/exec/obidos/ASIN/0521564352/chopaconline-20">http://www.amazon.com/exec/obidos/ASIN/0521564352/chopaconline-20</a> |
| 942 ## - ADDED ENTRY ELEMENTS (KOHA) | |
| Source of classification or shelving scheme | |
| Koha item type | Book |
| Withdrawn status | Lost status | Damaged status | Not for loan | Collection code | Permanent Location | Current Location | Shelving location | Date acquired | Total Checkouts | Full call number | Barcode | Date last seen | Price effective from | Koha item type |
|---|---|---|---|---|---|---|---|---|---|---|---|---|---|---|
| Centre for International Peace & Stability (CIPS) | Centre for International Peace & Stability (CIPS) | General Stacks | 09/12/2013 | 306.0899912 LIP 1997 | CIPS0000984 | 10/11/2013 | 10/11/2013 | Book |
